000 01020nas a2200349 4500
001 BR2010005958
003 BR-BrBNA
005 20231205114813.0
007 ta
008 230509b bl.|||p| |||| 00| 00por d
040 _aBR-BrBNA
_bpor
_cBiblioteca Nacional de Agricultura
041 _a(Pt)
072 _aH10
100 1 _aPolanczyk, R.A.
100 1 _aPratissoli, D.
100 1 _aPaye, H. de S.
100 1 _aPereira, V.A.
100 1 _aBarros, F.L.S.
100 1 _aOliveira, R.G.S.
100 1 _aPassos, R.R.
100 1 _aMartins Filho, S.
245 1 _aIndução de resistência à mosca minadora em crisântemo usando composto silicatado
650 _aFLORICULTURA
650 _aCRISÂNTEMO
650 _aPLANTA ORNAMENTAL
650 _aPRAGA DE PLANTA
650 _aMOSCA
650 _aSILÍCIO
773 0 _tHorticultura Brasileira (Brazil)
_xISSN 0102-0536
_g(Apr-Jun 2008), v. 26(2) p. 240-243
_wBR2010005958
909 _a202311
_bLúcia
_c55
_dLúcia Elande
942 _2AGRIS
_n0
_cANA
999 _c210575
_d210575